Score 0/18 Timer 03:00
0 Plays Today
4-Letter Word 4-Letter Word % Correct
Surname of world's fastest runnerBOLT
97%
Thick font styleBOLD
97%
Angry closing of a doorSLAM
96.9%
Martial arts expertise indicatorBELT
96.3%
Twisted; crookedBENT
95.7%
Poor urban neighborhoodSLUM
95.6%
Teepee or wigwam, for exampleTENT
95.4%
Adhesive substanceGLUE
95.2%
Attach atoms in a compoundBOND
93.8%
4-Letter Word 4-Letter Word % Correct
Dejected; downcastGLUM
93.7%
Attach pages in a bookBIND
93.3%
Body part that delivers breast milkTEAT
92.8%
Legendary Miles Davis album name, [first word] of ____
Or, color that is in green
•BLUE•
90.4%
What Meat Loaf wouldn't do for loveTHAT
89.3%
A cheap trick meant to deceiveSHAM
87.7%
George Michael's former bandWHAM
87.6%
Legendary Miles Davis album name, ____ of [last word]
Or, courteous or friendly
•KIND•
87.6%
Famous song from this album, 'So ____'•WHAT•
87.5%

Today's Daily Dose

Remove Ads.
Support Sporcle.
Get the best of Sporcle when you Go Orange. This ad-free experience offers more features, more stats, and more fun while also helping to support Sporcle. Thank you for becoming a member.

You're not logged in!

Compare scores with friends on all Sporcle quizzes.
OR
Log In

Show Comments

Extras

Top Quizzes Today


Score Distribution

Your Account Isn't Verified!

In order to create a playlist on Sporcle, you need to verify the email address you used during registration. Go to your Sporcle Settings to finish the process.

Report this User

Report this user for behavior that violates our Community Guidelines.

Details: